| 000 | 00367 a2200157 4500 | ||
|---|---|---|---|
| 001 | 76137 | ||
| 020 | _a8516035727 | ||
| 040 | _cAnchieta - Colégio São Paulo | ||
| 100 | _aMachado, Ana Maria | ||
| 240 | 1 | 0 |
_aBento que Bento é o frade _lpor |
| 245 | 1 | 0 | _aBento que Bento é o frade |
| 300 | _a48 | ||
| 362 | 0 | _a2015 | |
| 650 | 4 | _aLiteratura juvenil | |
| 942 | _cBK | ||
| 999 |
_c76137 _d76137 |
||